Who/What Is Missing? #2 - Statistics

General Stats
  • This quiz has been taken 95 times
  • The average score is 10 of 22
Answer Stats
People/Things Grouping Answer % Correct
Homer, Marge, Bart, Lisa... Immediate Simpson Family Maggie
88%
England, Wales, Scotland... UK Constituent Countries Northern Ireland
73%
Hearts, Diamonds, Spades... Card Suits Clubs
71%
Scary, Sporty, Baby, Ginger... Spice Girls Posh
63%
Saturn, Neptune, Uranus... Gas Giants Jupiter
60%
Football, Basketball, Baseball... Big 4 US Sports Ice Hockey
57%
United States, United Kingdom, Russia, France... Permanent UN Security Council Members China
54%
George Washington, Abraham Lincoln, Thomas Jefferson... Mount Rushmore Presidents Theodore Roosevelt
54%
Queens, Bronx, Manhattan, Brooklyn... New York Boroughs Staten Island
49%
Wimbledon, US Open, French Open... Tennis Grand Slam Tournaments Australian Open
46%
Arizona, Colorado, Utah... U.S. Four-Corner States New Mexico
46%
Gas, Liquid, Solid... States of Matter Plasma
44%
Slytherin, Hufflepuff, Gryffindor... Hogwarts Houses Ravenclaw
40%
Numbers, Leviticus, Exodus, Genesis... First five books of the Bible Deuteronomy
38%
Free Parking, GO, In Jail/Just Visiting... Corners on a Monopoly Board Go To Jail
37%
Botswana, Eswatini, Namibia, South Africa... U.N. Designated Countries of Southern Africa Lesotho
37%
Death, War, Pestilence... Horsemen of the Apocalypse Famine
26%
Shooting Guard, Small Forward, Power Forward, Center... Basketball Positions Point Guard
25%
Bargaining, Acceptance, Denial, Anger... Stages of Grief Depression
24%
Hokkaido, Honshu, Kyushu... Main Japanese Islands Shikoku
15%
Adenine, Thymine, Cytosine... DNA Bases Guanine
14%
Tall, Grande, Venti, Trenta... Starbucks Cup Sizes Short
4%
No matching quizzes found
Score Distribution
Percent of People with Each Score
Percentile by Number Answered
Your Score History
You have not taken this quiz